<?xml version="1.0" encoding="UTF-8"?>
<record
    xmlns:xsi="http://www.w3.org/2001/XMLSchema-instance"
    xsi:schemaLocation="http://www.loc.gov/MARC21/slim http://www.loc.gov/standards/marcxml/schema/MARC21slim.xsd"
    xmlns="http://www.loc.gov/MARC21/slim">

  <leader>01394nam a22003255i 4500</leader>
  <controlfield tag="003">EG-ScBUE</controlfield>
  <controlfield tag="005">20260512114832.0</controlfield>
  <controlfield tag="008">190228s2018    ua a   frb    000 0bara d</controlfield>
  <datafield tag="017" ind1=" " ind2=" ">
    <subfield code="a">2018 / 4367</subfield>
  </datafield>
  <datafield tag="020" ind1=" " ind2=" ">
    <subfield code="a">9789774524573</subfield>
  </datafield>
  <datafield tag="040" ind1=" " ind2=" ">
    <subfield code="a">EG-ScBUE</subfield>
    <subfield code="b">ara</subfield>
    <subfield code="e">rda</subfield>
    <subfield code="c">EG-ScBUE</subfield>
    <subfield code="d">EG-ScBUE</subfield>
  </datafield>
  <datafield tag="082" ind1="0" ind2="4">
    <subfield code="a">540.92</subfield>
    <subfield code="b">&#x62A; &#x62D; &#x64A;</subfield>
    <subfield code="2">22</subfield>
  </datafield>
  <datafield tag="245" ind1="0" ind2="0">
    <subfield code="a">&#x62A;&#x62D;&#x64A;&#x629; &#x648;&#x630;&#x643;&#x631;&#x64A;&#x627;&#x62A; &#x645;&#x646; &#x645;&#x635;&#x631; :</subfield>
    <subfield code="b">&#x623;&#x62D;&#x645;&#x62F; &#x632;&#x648;&#x64A;&#x644; : &#x627;&#x644;&#x639;&#x627;&#x644;&#x645; &#x648;&#x627;&#x644;&#x625;&#x646;&#x633;&#x627;&#x646;&#x60C; 1946-2016 /</subfield>
    <subfield code="c">&#x62A;&#x642;&#x62F;&#x64A;&#x645; &#x645;&#x635;&#x637;&#x641;&#x649; &#x627;&#x644;&#x641;&#x642;&#x64A; &#x61B; &#x62A;&#x623;&#x644;&#x64A;&#x641; &#x645;&#x62C;&#x645;&#x648;&#x639;&#x629; &#x645;&#x646; &#x627;&#x644;&#x643;&#x62A;&#x627;&#x628; &#x61B; &#x631;&#x626;&#x64A;&#x633;&#x627; &#x627;&#x644;&#x62A;&#x62D;&#x631;&#x64A;&#x631; &#x623;&#x62D;&#x645;&#x62F; &#x639;&#x643;&#x627;&#x634;&#x647;&#x60C; &#x634;&#x631;&#x64A;&#x641; &#x635;&#x62F;&#x642;&#x64A;.</subfield>
  </datafield>
  <datafield tag="264" ind1=" " ind2="1">
    <subfield code="a">&#x627;&#x644;&#x625;&#x633;&#x643;&#x646;&#x62F;&#x631;&#x64A;&#x629; :</subfield>
    <subfield code="b">&#x645;&#x643;&#x62A;&#x628;&#x629; &#x627;&#x644;&#x625;&#x633;&#x643;&#x646;&#x62F;&#x631;&#x64A;&#x629;&#x60C;</subfield>
    <subfield code="c">2018.</subfield>
  </datafield>
  <datafield tag="300" ind1=" " ind2=" ">
    <subfield code="a">179 &#x635;&#x641;&#x62D;&#x629; :</subfield>
    <subfield code="b">&#x625;&#x64A;&#x636;&#x627;&#x62D;&#x64A;&#x627;&#x62A; &#x61B;</subfield>
    <subfield code="c">22 &#x633;&#x645;</subfield>
  </datafield>
  <datafield tag="336" ind1=" " ind2=" ">
    <subfield code="2">rdacontent</subfield>
    <subfield code="a">&#x646;&#x635;</subfield>
    <subfield code="b">txt</subfield>
  </datafield>
  <datafield tag="337" ind1=" " ind2=" ">
    <subfield code="a">&#x628;&#x62F;&#x648;&#x646; &#x648;&#x633;&#x64A;&#x637;</subfield>
    <subfield code="2">rdamedia</subfield>
    <subfield code="b">n</subfield>
  </datafield>
  <datafield tag="338" ind1=" " ind2=" ">
    <subfield code="a">&#x645;&#x62C;&#x644;&#x62F;</subfield>
    <subfield code="b">nc</subfield>
    <subfield code="2">rdacarrier</subfield>
  </datafield>
  <datafield tag="504" ind1=" " ind2=" ">
    <subfield code="a">&#x64A;&#x634;&#x62A;&#x645;&#x644; &#x639;&#x644;&#x649; &#x625;&#x631;&#x62C;&#x627;&#x639;&#x627;&#x62A; &#x628;&#x628;&#x644;&#x64A;&#x648;&#x62C;&#x631;&#x627;&#x641;&#x64A;&#x629;.</subfield>
  </datafield>
  <datafield tag="600" ind1="1" ind2="7">
    <subfield code="a">&#x632;&#x648;&#x64A;&#x644;&#x60C; &#x623;&#x62D;&#x645;&#x62F;&#x60C;</subfield>
    <subfield code="d">1946-2016.</subfield>
    <subfield code="2">BUEsh</subfield>
    <subfield code="9">17378</subfield>
  </datafield>
  <datafield tag="650" ind1=" " ind2="7">
    <subfield code="a">&#x627;&#x644;&#x643;&#x64A;&#x645;&#x64A;&#x627;&#x626;&#x64A;&#x648;&#x646; &#x627;&#x644;&#x645;&#x635;&#x631;&#x64A;&#x648;&#x646;.</subfield>
    <subfield code="2">BUEsh</subfield>
    <subfield code="9">21508</subfield>
  </datafield>
  <datafield tag="650" ind1=" " ind2="7">
    <subfield code="a">&#x627;&#x644;&#x639;&#x644;&#x645;&#x627;&#x621; &#x627;&#x644;&#x645;&#x635;&#x631;&#x64A;&#x648;&#x646;.</subfield>
    <subfield code="2">BUEsh</subfield>
  </datafield>
  <datafield tag="650" ind1=" " ind2="7">
    <subfield code="a">&#x627;&#x644;&#x643;&#x64A;&#x645;&#x64A;&#x627;&#x621;</subfield>
    <subfield code="v">&#x62A;&#x631;&#x627;&#x62C;&#x645;.</subfield>
    <subfield code="2">BUEsh</subfield>
  </datafield>
  <datafield tag="651" ind1=" " ind2=" ">
    <subfield code="2">BUEsh</subfield>
  </datafield>
  <datafield tag="655" ind1=" " ind2=" ">
    <subfield code="v">Reading book</subfield>
  </datafield>
  <datafield tag="700" ind1="1" ind2=" ">
    <subfield code="a">&#x627;&#x644;&#x641;&#x642;&#x64A;&#x60C; &#x645;&#x635;&#x637;&#x641;&#x649;&#x60C; </subfield>
    <subfield code="d">1944-</subfield>
    <subfield code="e">&#x645;&#x642;&#x62F;&#x645;.</subfield>
  </datafield>
  <datafield tag="700" ind1="1" ind2=" ">
    <subfield code="a">&#x639;&#x643;&#x627;&#x634;&#x647;&#x60C; &#x623;&#x62D;&#x645;&#x62F;&#x60C;</subfield>
    <subfield code="e">&#x645;&#x62D;&#x631;&#x631;.</subfield>
  </datafield>
  <datafield tag="700" ind1="1" ind2=" ">
    <subfield code="a">&#x635;&#x62F;&#x642;&#x64A;&#x60C; &#x634;&#x631;&#x64A;&#x641;&#x60C; </subfield>
    <subfield code="e">&#x645;&#x62D;&#x631;&#x631;.</subfield>
  </datafield>
  <datafield tag="942" ind1=" " ind2=" ">
    <subfield code="2">ddc</subfield>
  </datafield>
  <datafield tag="999" ind1=" " ind2=" ">
    <subfield code="c">27202</subfield>
    <subfield code="d">27173</subfield>
  </datafield>
  <datafield tag="952" ind1=" " ind2=" ">
    <subfield code="0">0</subfield>
    <subfield code="1">0</subfield>
    <subfield code="2">ddc</subfield>
    <subfield code="4">0</subfield>
    <subfield code="7">0</subfield>
    <subfield code="8">alxlib</subfield>
    <subfield code="a">MAIN</subfield>
    <subfield code="b">MAIN</subfield>
    <subfield code="c">1ST</subfield>
    <subfield code="d">2019-02-28</subfield>
    <subfield code="e">Purchase</subfield>
    <subfield code="g">76.00</subfield>
    <subfield code="h">65590</subfield>
    <subfield code="o">540.92 &#x623; &#x62D; &#x645;</subfield>
    <subfield code="p">000044317</subfield>
    <subfield code="r">2025-10-28 00:00:00</subfield>
    <subfield code="s">2025-02-22</subfield>
    <subfield code="v">95.00</subfield>
    <subfield code="y">BB</subfield>
  </datafield>
  <datafield tag="952" ind1=" " ind2=" ">
    <subfield code="0">0</subfield>
    <subfield code="1">0</subfield>
    <subfield code="2">ddc</subfield>
    <subfield code="4">0</subfield>
    <subfield code="7">0</subfield>
    <subfield code="8">alxlib</subfield>
    <subfield code="a">MAIN</subfield>
    <subfield code="b">MAIN</subfield>
    <subfield code="c">1ST</subfield>
    <subfield code="d">2019-02-28</subfield>
    <subfield code="e">Purchase</subfield>
    <subfield code="g">76.00</subfield>
    <subfield code="h">65590</subfield>
    <subfield code="o">540.92 &#x623; &#x62D; &#x645;</subfield>
    <subfield code="p">000044318</subfield>
    <subfield code="r">2025-07-15 00:00:00</subfield>
    <subfield code="s">2019-04-10</subfield>
    <subfield code="v">95.00</subfield>
    <subfield code="y">BB</subfield>
  </datafield>
</record>
